| 000 -ლიდერი |
| ფიქსირებული სიგრძის საკონტროლო ველი |
00966nam a22001937a 4500 |
| 003 - საკონტროლო ნომრის იდენტიფიკატორი |
| საკონტროლო ველი |
Ge_BSU |
| 005 - ბოლო ოპერაციის თარიღი და დრო |
| საკონტროლო ველი |
20221005144455.0 |
| 008 - ფიქსირებული სიგრძის მონაცემთა ელემენტები - ზოგადი ინფორმაცია |
| ფიქსირებული სიგრძის საკონტროლო ველი |
221005s1981 ge ||||| |||| 00| 0 geo d |
| 041 ## - ენის კოდი |
| Language code of text/sound track or separate title |
geo |
| 080 ## - უნივერსალური ათობითი კლასიფიკაციის ინდექსი |
| Universal Decimal Classification number |
1 ა-81 |
| 100 ## - მთავარი ჩანაწერი - პიროვნების სახელი |
| Personal name |
არისტოტელე |
| Titles and other words associated with a name |
|
| 9 (RLIN) |
11894 |
| 245 ## - ცნობა სათაურის შესახებ |
| Title |
რიტორიკა / |
| Statement of responsibility, etc |
არისტოტელე ; ძველბერძნ. თარგმნა, შესავ. წერილი, შენიშვნ. და საძიებელი დაურთო თ. კუკავამ ; რედ. ა. ურუშაძე ; თსუ-ს ბერძნ.-ლათ. ბიბ-კა. |
| 264 ## - წარმოების, გამოცემის, დისტრიბუციის და სხვა ცნობები |
| გამოცემის, წარმოების, დისტრიბუციის... ადგილი |
თბილისი : |
| გამოცემის, წარმოების, დისტრიბუციის... სახელწოდება |
თბილ. უნ-ტის გამ-ბა, |
| გამოცემის, წარმოების, დისტრიბუციის... თარიღი |
1981. |
| 300 ## - ფიზიკური აღწერა |
| Extent |
246 გვ. ; |
| Other physical details |
20 სმ. |
| 500 ## - ზოგადი შენიშვნა |
| General note |
შენიშვნები: გვ. 214-240. |
| 501 ## - შენიშვნა თანმხლებ მასალაზე |
| With note |
საძიებელი: გვ. 241-245. |
| 653 ## - INDEX TERM--UNCONTROLLED |
| Uncontrolled term |
რიტორიკა. |
| 942 ## - ADDED ENTRY ELEMENTS (KOHA) |
| Source of classification or shelving scheme |
|
| Koha item type |
წიგნი |